Normal view
MARC view
- VIBRATION - HANDBOOKS, MANUAL ETC, SHOCK - (MECHANICS) HANDBOOK MANUALS ETC.VIBRATION AND SHOCK
Entry Topical Term
001 - CONTROL NUMBER
- control field: 62210
003 - CONTROL NUMBER IDENTIFIER
- control field: NUST
005 - DATE AND TIME OF LATEST TRANSACTION
- control field: 20210628202909.0
008 - FIXED-LENGTH DATA ELEMENTS
- fixed length control field: 210628|| aca||aabn | a|a d
040 ## - CATALOGING SOURCE
- Original cataloging agency: NUST
- Transcribing agency: NUST
150 ## - HEADING--TOPICAL TERM
- Topical term or geographic name entry element: VIBRATION - HANDBOOKS, MANUAL ETC, SHOCK - (MECHANICS) HANDBOOK MANUALS ETC.VIBRATION AND SHOCK
670 ## - SOURCE DATA FOUND
- Source citation: Work cat.: (NUST): De Silva, Clarence .W 35773, Vibration and shock handbook, 2005
